Normal view
MARC view
Entry Topical Term
001 - CONTROL NUMBER
- control field: 5805
003 - CONTROL NUMBER IDENTIFIER
- control field: BD-RjUL
005 - DATE AND TIME OF LATEST TRANSACTION
- control field: 20221112153658.0
008 - FIXED-LENGTH DATA ELEMENTS
- fixed length control field: 221112|| aca||aabn | a|a d
040 ## - CATALOGING SOURCE
- Original cataloging agency: BD-RjUL
- Transcribing agency: BD-RjUL
150 ## - HEADING--TOPICAL TERM
- Topical term or geographic name entry element: Nuclear structure
670 ## - SOURCE DATA FOUND
- Source citation: Work cat.: (BD-RjUL)80758: Khatun, Mst. Wahida 5804, Nuclear structure, cell Division and chromosome morphology of some algal Plants. /, 1999